000
00327nam a22001457a 4500
008
230912b ||||| |||| 00| 0 eng d
020
_a
0816509824
041
_a
eng
080
_a
521
082
_a
521SMO
100
_a
19
101
_a
ASTRO
245
_a
THE GALAXY AND THE SOLAR SYSTEM
_c
SMOLUCHOWSKI.R
942
_2
udc
_c
BK
999
_c
60346
_d
60346